00612nam a2200205Ia 4500008004100000040001400041082001900055100003900074245002900113260003700142300001100179365002600190366000800216505002200224530003000246620005500276630002900331650001700360730002900377100315s9999 xx 000 0 und d cENGLISH  b10238 a657  a"White, R. Dean, White, Floyd W. " aPrinciples of Accounting aNew York bDoubleday  c1963  a285   eRupees d1 b0.00  f0  gVaibhav Gaikwad  bDonated By RBI Library   a"Principles of Accounting, Accounting, RBI Book " aPrinciples of Accounting aACCOUNTING  aPrinciples of Accounting